Descentralización de verdad / (Registro nro. 3828)
[ vista simple ]
| 000 -LEADER | |
|---|---|
| fixed length control field | 01373nam a2200277Ia 4500 |
| 003 - CONTROL NUMBER IDENTIFIER | |
| control field | OSt |
| 005 - DATE AND TIME OF LATEST TRANSACTION | |
| control field | 20200831235304.0 |
| 008 - FIXED-LENGTH DATA ELEMENTS--GENERAL INFORMATION | |
| fixed length control field | 191128s1999 ck fr 000 0 spa d |
| 020 ## - INTERNATIONAL STANDARD BOOK NUMBER | |
| International Standard Book Number | 9589077161 |
| 040 ## - CATALOGING SOURCE | |
| Original cataloging agency | CO-JMCR |
| Transcribing agency | CO-JMCR |
| 041 0# - LANGUAGE CODE | |
| Language code of text/sound track or separate title | spa |
| 082 04 - DEWEY DECIMAL CLASSIFICATION NUMBER | |
| Classification number | 352 / |
| Item number | C718d |
| Edition number | 23 |
| 110 1# - MAIN ENTRY--CORPORATE NAME | |
| Corporate name or jurisdiction name as entry element | Colombia. |
| Subordinate unit | Senado de la República |
| 9 (RLIN) | 4415 |
| 245 10 - TITLE STATEMENT | |
| Title | Descentralización de verdad / |
| Statement of responsibility, etc. | Senado de la República ; editor German D. Manga H. |
| 250 ## - EDITION STATEMENT | |
| Edition statement | 1a. edición |
| 260 ## - PUBLICATION, DISTRIBUTION, ETC. | |
| Place of publication, distribution, etc. | Bogotá : |
| Name of publisher, distributor, etc. | Senado de la República, |
| Date of publication, distribution, etc. | 1999 |
| 300 ## - PHYSICAL DESCRIPTION | |
| Extent | 233 páginas ; |
| Dimensions | 21 cm. |
| 490 0# - SERIES STATEMENT | |
| Series statement | Soluciones para Colombia |
| 505 0# - FORMATTED CONTENTS NOTE | |
| Formatted contents note | Defensa de la descentralización -- Examen de la descentralización -- Impacto del desplazamiento humano forzado en las entidades territoriales -- Experiencias internacionales en descentralización -- Soluciones para la descentralización |
| 520 3# - SUMMARY, ETC. | |
| Summary, etc. | Bajo la Presidencia del Senador Fabio Valencia Cossio, el Senado de la República realizó una gran apertura a los gremios económicos, universidades, ONG y otras organizaciones para mejorar la calidad de las leyes mediante la concentración con los interesados |
| 650 14 - SUBJECT ADDED ENTRY--TOPICAL TERM | |
| Topical term or geographic name entry element | Descentralización administrativa |
| Geographic subdivision | Colombia |
| 9 (RLIN) | 7680 |
| 650 14 - SUBJECT ADDED ENTRY--TOPICAL TERM | |
| Topical term or geographic name entry element | Municipios |
| Geographic subdivision | Colombia |
| 9 (RLIN) | 9535 |
| 651 #4 - SUBJECT ADDED ENTRY--GEOGRAPHIC NAME | |
| Geographic name | Colombia |
| General subdivision | administración pública |
| 9 (RLIN) | 9190 |
| 700 1# - ADDED ENTRY--PERSONAL NAME | |
| Personal name | Manga H., Germán D., |
| Relator term | editor |
| 9 (RLIN) | 9536 |
| 942 ## - ADDED ENTRY ELEMENTS (KOHA) | |
| Source of classification or shelving scheme | Dewey Decimal Classification |
| Koha item type | Books |
| Withdrawn status | Lost status | Source of classification or shelving scheme | Damaged status | Not for loan | Collection code | Home library | Current library | Date acquired | Source of acquisition | Full call number | Barcode | Date last seen | Copy number | Koha item type |
|---|---|---|---|---|---|---|---|---|---|---|---|---|---|---|
| Dewey Decimal Classification | Non-fiction | Biblioteca Pública José María del Castillo y Rada | Biblioteca Pública José María del Castillo y Rada | 12/01/2017 | Donación | 352 / C718d | 201808491 | 05/16/2024 | Ej.1 | Books |